[Event "LSS OP-2009-0-00796"]
[Site "LSS email"]
[Date "2009.03.25"]
[Round "?"]
[White "Schild, Reinhard"]
[Black "Bianchi, Norberto"]
[Result "1/2-1/2"]
[WhiteElo "1960"]
[BlackElo "2111"]
[PlyCount "39"]
[EventDate "2009.03.19"]
[EventType "tourn (corr)"]
[EventRounds "4"]
[EventCountry "GER"]
[SourceTitle "Corr 2011"]
[Source "ChessBase"]
[SourceDate "2010.08.31"]
[SourceVersion "1"]
[SourceVersionDate "2010.08.31"]
[SourceQuality "1"]

1. e4 c5 2. Nf3 Nc6 3. d4 cxd4 4. Nxd4 e6 5. Nc3 a6 6. Be2 Nge7 7. 0-0 b5 8. Bf4 Ng6 9. Nxc6 dxc6 10. Qxd8+ Kxd8 11. Rad1+ Bd7 12. Bg3 f6 13. Rd2 Bc5 14. Rfd1 Ra7 15. Bb8 Rb7 16. e5 f5 17. g3 Ke7 18. Bd6+ Bxd6 19. exd6+ Kf6 20. f4 1/2-1/2

[Event "LSS OP-2009-0-00795"]
[Site "LSS email"]
[Date "2009.03.24"]
[Round "?"]
[White "Goti, Javier"]
[Black "Bianchi, Norberto"]
[Result "0-1"]
[WhiteElo "983"]
[BlackElo "2092"]
[PlyCount "42"]
[EventDate "2009.03.18"]
[EventType "tourn (corr)"]
[EventRounds "4"]
[EventCountry "GER"]
[SourceTitle "Corr 2011"]
[Source "ChessBase"]
[SourceDate "2010.08.31"]
[SourceVersion "1"]
[SourceVersionDate "2010.08.31"]
[SourceQuality "1"]

1. c4 Nf6 2. Nc3 e6 3. e3 c5 4. Nge2 d5 5. cxd5 exd5 6. d4 Nc6 7. g3 c4 8. Bg2 Bb4 9. a3 Bxc3+ 10. Nxc3 0-0 11. 0-0 Bg4 12. Qc2 Na5 13. b4 cxb3 14. Qd3 Qd7 15. e4 Rfc8 16. Bd2 Nc4 17. Bg5 b2 18. Rab1 dxe4 19. Nxe4 Nxe4 20. Bxe4 h6 21. Bf5 Bxf5 0-1

[Event "IECG CP.2003.P.00020 email"]
[Site "IECG email"]
[Date "2003.10.01"]
[Round "?"]
[White "Bianchi, Norberto"]
[Black "Hall, Dick"]
[Result "1-0"]
[WhiteElo "2008"]
[BlackElo "1634"]
[PlyCount "56"]
[EventDate "2003.10.01"]
[EventType "tourn (corr)"]
[EventRounds "6"]
[EventCountry "GER"]
[SourceTitle "Corr 2008"]
[Source "ChessBase"]
[SourceDate "2008.06.24"]
[SourceVersion "1"]
[SourceVersionDate "2008.06.24"]
[SourceQuality "1"]

1. d4 Nf6 2. c4 e6 3. Nc3 Bb4 4. e3 0-0 5. Bd3 Bxc3+ 6. bxc3 b6 7. e4 d6 8. Ne2 Bb7 9. Ng3 c5 10. 0-0 Nbd7 11. f4 e5 12. Nf5 cxd4 13. cxd4 exd4 14. Nxd6 Nc5 15. e5 Bc6 16. Bc2 d3 17. Bxd3 Ne8 18. Bb2 Nxd3 19. Qxd3 Qd7 20. Rad1 Rd8 21. Qg3 Nxd6 22. Rxd6 Qc7 23. Rfd1 Be4 24. e6 g6 25. Qc3 f6 26. Qxf6 Rxf6 27. Rxd8+ Rf8 28. R8d7 Qc5+ 1-0

[Event "IECG CP.2003.P.00020 email"]
[Site "IECG email"]
[Date "2003.10.01"]
[Round "?"]
[White "Bianchi, Norberto"]
[Black "Quadri, Sergio Fabian"]
[Result "1-0"]
[WhiteElo "2008"]
[BlackElo "1966"]
[PlyCount "123"]
[EventDate "2003.10.01"]
[EventType "tourn (corr)"]
[EventRounds "6"]
[EventCountry "GER"]
[SourceTitle "Corr 2008"]
[Source "ChessBase"]
[SourceDate "2008.06.24"]
[SourceVersion "1"]
[SourceVersionDate "2008.06.24"]
[SourceQuality "1"]

1. d4 Nf6 2. c4 g6 3. Nc3 Bg7 4. e4 d6 5. f3 0-0 6. Be3 e5 7. d5 c6 8. Bd3 cxd5 9. cxd5 Nh5 10. Nge2 f5 11. exf5 gxf5 12. 0-0 Nd7 13. Qd2 Nc5 14. Bc2 a5 15. a3 Bd7 16. b4 Na6 17. Rab1 axb4 18. axb4 Qe8 19. f4 exf4 20. Bxf4 Nxf4 21. Nxf4 Qe5 22. Nce2 Nc7 23. Nh5 Rf7 24. Nxg7 Rxg7 25. Ng3 Ra2 26. Rbe1 Qf6 27. Rf2 Rg4 28. Ref1 Qg5 29. Qxg5+ Rxg5 30. Bxf5 Rxf2 31. Rxf2 Bxf5 32. Nxf5 Kh8 33. Nxd6 Rxd5 34. Rf8+ Kg7 35. Rf7+ Kg6 36. Rxc7 Rxd6 37. Rxb7 Rd2 38. b5 Rb2 39. b6 h6 40. Rb8 Kf7 41. h3 Kg7 42. Kh2 Rb3 43. g4 Kh7 44. h4 Kg7 45. Kg2 Kh7 46. Kf2 Kg7 47. Rb7+ Kf6 48. Ke2 Rb4 49. Rb8 Kg7 50. Kf3 Kh7 51. h5 Kg7 52. Rb7+ Kg8 53. Ke3 Kh8 54. Kd3 Kg8 55. Kc3 Rb1 56. Kc4 Kf8 57. Kc5 Rc1+ 58. Kd6 Rd1+ 59. Ke6 Re1+ 60. Kf6 Rf1+ 61. Kg6 Rg1 62. Rc7 1-0

[Event "IECG CP.2003.P.00020 email"]
[Site "IECG email"]
[Date "2003.10.01"]
[Round "?"]
[White "Bianchi, Norberto"]
[Black "Winfrey, Harley"]
[Result "1-0"]
[WhiteElo "2008"]
[BlackElo "888"]
[PlyCount "47"]
[EventDate "2003.10.01"]
[EventType "tourn (corr)"]
[EventRounds "6"]
[EventCountry "GER"]
[SourceTitle "Corr 2008"]
[Source "ChessBase"]
[SourceDate "2008.06.24"]
[SourceVersion "1"]
[SourceVersionDate "2008.06.24"]
[SourceQuality "1"]

1. e4 d6 2. d4 g6 3. Nc3 Bd7 4. Be3 Bg7 5. Qd2 Nc6 6. Nge2 e6 7. 0-0-0 Nf6 8. f3 0-0 9. h4 a5 10. h5 Nxh5 11. g4 Nf6 12. Bh6 Nb4 13. Bxg7 Kxg7 14. Qh6+ Kg8 15. e5 dxe5 16. dxe5 Re8 17. exf6 Qxf6 18. Qxh7+ Kf8 19. Rxd7 a4 20. Ne4 Qg7 21. g5 a3 22. Nf6 Ra5 23. Qxg7+ Kxg7 24. Rh7+ 1-0

[Event "IECG CP.2003.P.00020 email"]
[Site "IECG email"]
[Date "2003.10.01"]
[Round "?"]
[White "McKeough, Sean"]
[Black "Bianchi, Norberto"]
[Result "0-1"]
[WhiteElo "1183"]
[BlackElo "2008"]
[PlyCount "66"]
[EventDate "2003.10.01"]
[EventType "tourn (corr)"]
[EventRounds "6"]
[EventCountry "GER"]
[SourceTitle "Corr 2008"]
[Source "ChessBase"]
[SourceDate "2008.06.24"]
[SourceVersion "1"]
[SourceVersionDate "2008.06.24"]
[SourceQuality "1"]

1. e4 c5 2. Nf3 Nc6 3. d4 cxd4 4. Nxd4 Nf6 5. Nc3 d6 6. Bc4 Qb6 7. Nb3 e6 8. 0-0 Be7 9. Be3 Qc7 10. f4 a6 11. Bd3 b5 12. Qf3 Bb7 13. Qh3 Nb4 14. Rac1 Rc8 15. a3 Nxd3 16. cxd3 Qd8 17. Qg3 g6 18. Qh3 Nd7 19. Bd4 0-0 20. f5 exf5 21. exf5 Ne5 22. fxg6 hxg6 23. Nd2 Bf6 24. Nde4 Nf3+ 25. Qxf3 Bxd4+ 26. Kh1 Kg7 27. Qf4 Be5 28. Qe3 Re8 29. Qa7 Qh4 30. h3 Re7 31. Qf2 Qxf2 32. Rxf2 f5 33. Ng5 Bd4 0-1

[Event "IECG CA.2003.0.00106 email"]
[Site "IECG email"]
[Date "2003.09.21"]
[Round "?"]
[White "Bianchi, Norberto"]
[Black "Bentley, John L"]
[Result "1/2-1/2"]
[WhiteElo "2008"]
[BlackElo "2147"]
[PlyCount "56"]
[EventDate "2003.09.21"]
[EventType "tourn (corr)"]
[EventRounds "6"]
[SourceTitle "Corr 2008"]
[Source "ChessBase"]
[SourceDate "2008.06.24"]
[SourceVersion "1"]
[SourceVersionDate "2008.06.24"]
[SourceQuality "1"]

1. d4 Nf6 2. c4 c5 3. d5 b5 4. cxb5 a6 5. bxa6 g6 6. Nc3 Bxa6 7. Nf3 d6 8. e4 Bxf1 9. Kxf1 Bg7 10. g3 0-0 11. Kg2 Nbd7 12. Re1 Qa5 13. e5 Ng4 14. exd6 exd6 15. Bf4 Rfb8 16. Re2 Nge5 17. Nxe5 Nxe5 18. Rc1 Rb4 19. Bxe5 Bxe5 20. Rcc2 Rab8 21. f4 Bg7 22. Qd3 Qa8 23. Qf3 Bd4 24. f5 Be5 25. Rf2 R8b7 26. Rcd2 Qc8 27. b3 c4 28. fxg6 hxg6 1/2-1/2

[Event "IECG CA.2003.0.00106 email"]
[Site "IECG email"]
[Date "2003.09.21"]
[Round "?"]
[White "Cotton, Philippe"]
[Black "Bianchi, Norberto"]
[Result "0-1"]
[WhiteElo "2033"]
[BlackElo "2008"]
[PlyCount "100"]
[EventDate "2003.09.21"]
[EventType "tourn (corr)"]
[EventRounds "6"]
[SourceTitle "Corr 2008"]
[Source "ChessBase"]
[SourceDate "2008.06.24"]
[SourceVersion "1"]
[SourceVersionDate "2008.06.24"]
[SourceQuality "1"]

1. e4 c5 2. Nc3 Nc6 3. g3 g6 4. Bg2 Bg7 5. d3 d6 6. f4 e6 7. Nf3 Nge7 8. 0-0 0-0 9. Be3 Nd4 10. e5 Bd7 11. Ne4 Nef5 12. Bf2 Nxf3+ 13. Bxf3 Bc6 14. c3 dxe5 15. fxe5 Bxe5 16. Bxc5 Re8 17. Qe2 Qc7 18. d4 Bg7 19. g4 b6 20. Ba3 Rad8 21. Rae1 Qd7 22. Qd2 Bxe4 23. Rxe4 Nd6 24. Bxd6 Qxd6 25. g5 e5 26. Qe2 Re7 27. Rd1 Rde8 28. d5 Rc7 29. Bg4 Rc5 30. c4 b5 31. b3 bxc4 32. bxc4 h6 33. h4 Rb8 34. Qd2 hxg5 35. hxg5 a5 36. Qc3 Rb6 37. Kg2 Rb4 38. a3 Rb6 39. Rd2 Rb8 40. Qg3 Rb1 41. Bd1 Rc7 42. Bc2 Ra1 43. a4 Qb4 44. Qd3 Ra3 45. Qe2 Rc3 46. Bd3 Qxa4 47. Rh4 Qd7 48. Rd1 a4 49. Qe1 Rb3 50. Be2 a3 0-1

[Event "IECG CA.2003.0.00103 email"]
[Site "IECG email"]
[Date "2003.09.03"]
[Round "?"]
[White "Bianchi, Norberto"]
[Black "Valverde Toresano, Andres"]
[Result "1/2-1/2"]
[WhiteElo "2100"]
[BlackElo "2124"]
[PlyCount "69"]
[EventDate "2003.09.03"]
[EventType "tourn (corr)"]
[EventRounds "6"]
[SourceTitle "Corr 2008"]
[Source "ChessBase"]
[SourceDate "2008.06.24"]
[SourceVersion "1"]
[SourceVersionDate "2008.06.24"]
[SourceQuality "1"]

1. e4 Nf6 2. e5 Nd5 3. d4 d6 4. Nf3 g6 5. c4 Nb6 6. exd6 cxd6 7. Be2 Bg7 8. 0-0 0-0 9. Be3 Nc6 10. Nc3 Bg4 11. b3 d5 12. c5 Nc8 13. b4 Bxf3 14. Bxf3 e6 15. Rb1 a6 16. a4 N8e7 17. b5 axb5 18. axb5 Na5 19. Rb4 Nc4 20. Bg5 Qa5 21. Rxc4 dxc4 22. Bxe7 Rfe8 23. Bxb7 Rab8 24. Bd6 Rxb7 25. Qf3 Rd7 26. Qc6 Red8 27. Ne4 Bxd4 28. b6 Qa8 29. Qxa8 Rxa8 30. Rc1 Rb7 31. g3 f5 32. Ng5 Ra1 33. Rxa1 Bxa1 34. Nxe6 Bf6 35. c6 1/2-1/2

[Event "IECG CA.2003.0.00103 email"]
[Site "IECG email"]
[Date "2003.09.03"]
[Round "?"]
[White "Duarte, Antonio Jorge ST"]
[Black "Bianchi, Norberto"]
[Result "0-1"]
[WhiteElo "2057"]
[BlackElo "2100"]
[PlyCount "42"]
[EventDate "2003.09.03"]
[EventType "tourn (corr)"]
[EventRounds "6"]
[SourceTitle "Corr 2008"]
[Source "ChessBase"]
[SourceDate "2008.06.24"]
[SourceVersion "1"]
[SourceVersionDate "2008.06.24"]
[SourceQuality "1"]

1. d4 Nf6 2. c4 e6 3. Nc3 Bb4 4. Nf3 b6 5. Qb3 Qe7 6. Bf4 Bxc3+ 7. Qxc3 d6 8. g3 Bb7 9. Bg2 Nbd7 10. 0-0 0-0 11. Rfd1 a5 12. Rac1 h6 13. h3 Rfe8 14. Be3 Rab8 15. Qc2 Be4 16. Qb3 e5 17. dxe5 Nxe5 18. Bf4 Nxf3+ 19. Bxf3 Qe6 20. Kg2 Re7 21. Qc3 Rbe8 0-1